Kaos : Storia di una persona normale in uno Stato consumistico /

Uloženo v:
Podrobná bibliografie
Hlavní autor: Bozzo, Keti
Médium: Kniha
Jazyk:angličtina
Vydáno: Piombino Il foglio 2003
Tagy: Přidat tag
Žádné tagy, Buďte první, kdo vytvoří štítek k tomuto záznamu!

MARC

LEADER 00000nam a2200000 4500
001 CDOM0000002006
003 mi
005 20250903141250.0
008 250903b |||||||| |||| 00| 0 eng d
020 |a 8888515798 
040 |c mi 
100 |a Bozzo, Keti 
245 1 |a Kaos :  |b Storia di una persona normale in uno Stato consumistico /  |c Keti Bozzo 
260 |a Piombino  |b Il foglio  |c 2003 
300 |a 133 p.  |c ill.  |c 21 cm. 
942 |2 ddc  |c BK 
952 |0 0  |1 0  |2 ddc  |4 0  |6 B_LPS01BOZKEKAO11  |7 0  |9 8528  |a MI  |b MI  |d 2006-01-26  |i 5084  |l 0  |o B-LPS01-BOZKE-KAO11  |p CDOM5084  |r 2025-07-17 21:50:00  |w 2025-07-17  |x ACQUISTO  |y BK 
999 |c 7105  |d 7105